Vấn đề quản lý tài nguyên, môi trường đô thị ở nước ta hiện nay /

Đã lưu trong:
Sonraí Bibleagrafaíochta
Príomhúdar: Chu Văn Vũ.
Formáid: Bài viết
Teanga:Vietnamese
Ábhair:
Clibeanna: Cuir Clib Leis
Gan Chlibeanna, Bí ar an gcéad duine leis an taifead seo a chlibeáil!
Thư viện lưu trữ: Thư viện Trường Đại học Đà Lạt
LEADER 00839nam a2200301 4500
001 DLU060054219
040 # # |a DLU  |b vie 
041 # # |a vie 
044 # # |a vn 
100 # # |a Chu Văn Vũ. 
245 # # |a Vấn đề quản lý tài nguyên, môi trường đô thị ở nước ta hiện nay /  |c Chu Văn Vũ. 
651 # # |a Việt Nam 
653 # # |a Đô thị 
653 # # |a Môi trường 
653 # # |a Quản lí 
653 # # |a Quản lý 
653 # # |a Tài nguyên 
773 # # |t Địa lý nhân văn  |g Số 1, 2006, tr. 31-40 
920 # # |a Phòng Tạp chí -- Trung tâm Thông tin - Thư viện Trường Đại học Đà Lạt 
933 # # |a MT 
994 # # |a DLU 
900 # # |a True 
911 # # |a Nguyễn Thị Minh Cầm 
925 # # |a G 
926 # # |a A 
927 # # |a BB 
980 # # |a Thư viện Trường Đại học Đà Lạt